00777nam a2200217Ia 4500008004100000020001500041082001700056100002000073245002400093250000800117260002700125300000900152500002400161650001600185700001600201942000700217952010600224952010600330952010600436999001700542230524s9999 xx 000 0 und d a8188429260 a621.382bKUM aH.V.Kumaraswamy 0aSignals and Systems a1ST aCHENNAIbScitechc2005 a5.66 aQuantity Number: 3 aElectronics a P.Nagaraju cBK 00104070aTATCLbTATCLcGENd2023-05-24l0o621.382 KUMp1499r2023-05-24w2023-05-24yBKzPCBM4302 00104070aTATCLbTATCLcGENd2023-05-24l0o621.382 KUMp6966r2023-05-24w2023-05-24yBKzPCBM4302 00104070aTATCLbTATCLcGENd2023-05-24l0o621.382 KUMp6967r2023-05-24w2023-05-24yBKzPCBM4302 c23782d23782